|
|
|
|
| LEADER |
00000nam1a2200000 4500 |
| 001 |
57609 |
| 005 |
20231031054345.0 |
| 035 |
|
|
|a (RuTPU)RU\TPU\book\60822
|
| 090 |
|
|
|a 57609
|
| 100 |
|
|
|a 20031112d2003 km y0rusy50 ca
|
| 101 |
0 |
|
|a rus
|
| 102 |
|
|
|a RU
|
| 200 |
1 |
|
|a Русское чудо. Секреты экономической отсталости или как, успешно преодолевая препятствия, идти в никуда
|f Ю. Ю. Болдырев
|
| 210 |
|
|
|a Москва
|c Крымский мост-9Д
|c Форум
|d 2003-
|
| 225 |
1 |
|
|a Великое противостояние
|
| 700 |
|
1 |
|a Болдырев
|b Ю. Ю.
|g Юрий Юрьевич
|
| 801 |
|
1 |
|a RU
|b 63413507
|c 20031112
|g PSBO
|
| 801 |
|
2 |
|a RU
|b 63413507
|c 20031114
|g PSBO
|
| 942 |
|
|
|c BK
|